00426 a2200145 4500003000400000005001700004008004100021020001800062040000900080082002300089100002700112245008900139260003800228300001400266OSt20220823124322.0220823b ||||| |||| 00| 0 eng d a9788176223164 cOCLC a641.3710954bPAN/I1 aPandey, Rajendra Kumar aIndigenous milk products bVol 1: Fat rich milk sweets /cDr. Rajendra Kumar Pandey aNew Delhi:bBiotech books,c2014. a186 pages